| 000 | 01368nam a2200313 i 4500 | ||
|---|---|---|---|
| 003 | DO-SdBNP | ||
| 005 | 20240625140447.0 | ||
| 007 | ta | ||
| 008 | 240625s2003 sp abo 000 0 spa d | ||
| 020 | _a8477370141 (o. completa) | ||
| 020 | _a8477370206 (v. III) | ||
| 040 |
_aDO-SdBNP _bspa _cBNPHU _erda |
||
| 082 |
_bB737 _222 |
||
| 100 | 1 |
_aBorrás Gualis, Gonzalo M. _d1940- _969738 _eautor |
|
| 245 | 1 | 3 |
_aEl Islam : _bde Córdoba al Mudéjar / _cGonzalo M. Borrás Gualis |
| 264 | 1 |
_aEspaña : _bSilex, _c2003. |
|
| 300 |
_a237 páginas _bilustraciones, mapas, fotografías _c23 cm. |
||
| 490 | 1 | _aIntroducción al arte español | |
| 500 | _aIncluye datos biografícos del autor en la solapa de la portada. | ||
| 500 | _aIncluye vocabulario artístico. | ||
| 504 | _aBibliografía p: 231-236 | ||
| 520 | _aObra de conjunto, clara y documentada, sobre el arte islámico de España, plantea tanto el análisis formal y su evolución como el estudio de las tipologías arquitectónicas y su significado. La exposición de los periodos históricos de la España musulmana (cordobes, taifas, almorávides, almohade, nazarí y mudéjar) se ofrecen con el rigor científico necesario. | ||
| 590 | _aInventariado, 2024/ YL | ||
| 650 | 4 |
_aArte mudéjar _985803 |
|
| 650 | 4 | _aHistoria | |
| 651 |
_aEspaña _941488 |
||
| 910 | _aYLockward | ||
| 942 |
_2ddc _cLBS1 |
||
| 999 |
_c56981 _d56981 |
||